<?xml version="1.0" encoding="UTF-8"?>
<record
    xmlns:xsi="http://www.w3.org/2001/XMLSchema-instance"
    xsi:schemaLocation="http://www.loc.gov/MARC21/slim http://www.loc.gov/standards/marcxml/schema/MARC21slim.xsd"
    xmlns="http://www.loc.gov/MARC21/slim">

  <leader>00867nam a22002177a 4500</leader>
  <controlfield tag="005">20230324121111.0</controlfield>
  <controlfield tag="008">230102b           ||||| |||| 00| 0 eng d</controlfield>
  <datafield tag="020" ind1=" " ind2=" ">
    <subfield code="a">9788131733493</subfield>
  </datafield>
  <datafield tag="040" ind1=" " ind2=" ">
    <subfield code="c">AL</subfield>
  </datafield>
  <datafield tag="041" ind1=" " ind2=" ">
    <subfield code="a">eng</subfield>
  </datafield>
  <datafield tag="082" ind1=" " ind2=" ">
    <subfield code="2">23</subfield>
    <subfield code="a">658</subfield>
    <subfield code="b">WATO</subfield>
  </datafield>
  <datafield tag="100" ind1=" " ind2=" ">
    <subfield code="a">Tony J Watson</subfield>
    <subfield code="9">68074</subfield>
  </datafield>
  <datafield tag="245" ind1=" " ind2=" ">
    <subfield code="a">Organising and Managing Work</subfield>
    <subfield code="b">:Organisational, managerial and strategic behaviour in theory and practice</subfield>
  </datafield>
  <datafield tag="250" ind1=" " ind2=" ">
    <subfield code="a">2nd, ed.</subfield>
  </datafield>
  <datafield tag="260" ind1=" " ind2=" ">
    <subfield code="a">New Delhi</subfield>
    <subfield code="b">Pearson Education</subfield>
    <subfield code="c">2010</subfield>
  </datafield>
  <datafield tag="300" ind1=" " ind2=" ">
    <subfield code="a">xxvii,496p.</subfield>
    <subfield code="b">PB</subfield>
    <subfield code="c">24x18.2cm.</subfield>
  </datafield>
  <datafield tag="365" ind1=" " ind2=" ">
    <subfield code="2">General</subfield>
    <subfield code="a">VBI-1672</subfield>
    <subfield code="b">&#x20B9;622.00</subfield>
    <subfield code="c">&#x20B9;</subfield>
    <subfield code="d">&#x20B9;829.00</subfield>
    <subfield code="e">25%</subfield>
    <subfield code="f">19-12-2022</subfield>
  </datafield>
  <datafield tag="520" ind1=" " ind2=" ">
    <subfield code="a">Organising and managing work: study, critique and practice; organistaion and organising: bureaucracy, control, processe and negotiated orders; People and organisation; managing to manage</subfield>
  </datafield>
  <datafield tag="650" ind1=" " ind2=" ">
    <subfield code="2">Management</subfield>
    <subfield code="a">Management</subfield>
    <subfield code="9">68608</subfield>
  </datafield>
  <datafield tag="942" ind1=" " ind2=" ">
    <subfield code="2">ddc</subfield>
    <subfield code="c">BK</subfield>
  </datafield>
  <datafield tag="999" ind1=" " ind2=" ">
    <subfield code="c">226148</subfield>
    <subfield code="d">226148</subfield>
  </datafield>
  <datafield tag="952" ind1=" " ind2=" ">
    <subfield code="0">0</subfield>
    <subfield code="1">0</subfield>
    <subfield code="2">ddc</subfield>
    <subfield code="4">0</subfield>
    <subfield code="7">0</subfield>
    <subfield code="8">MCOM</subfield>
    <subfield code="a">SACPG</subfield>
    <subfield code="b">SACPG</subfield>
    <subfield code="d">2022-12-23</subfield>
    <subfield code="e">Vidyarthi Books</subfield>
    <subfield code="g">622.00</subfield>
    <subfield code="l">1</subfield>
    <subfield code="o">658 WATO</subfield>
    <subfield code="p">PG024111</subfield>
    <subfield code="r">2025-07-15 15:44:46</subfield>
    <subfield code="s">2025-07-15</subfield>
    <subfield code="v">829.00</subfield>
    <subfield code="w">2023-01-02</subfield>
    <subfield code="y">BK</subfield>
  </datafield>
</record>
